Cultural theory and popular culture (Record no. 285)

MARC details
000 -LEADER
fixed length control field 00539 a2200169 4500
001 - CONTROL NUMBER
control field 066093
003 - CONTROL NUMBER IDENTIFIER
control field OSt
005 - DATE AND TIME OF LATEST TRANSACTION
control field 20210909171614.0
008 - FIXED-LENGTH DATA ELEMENTS--GENERAL INFORMATION
fixed length control field
082 ## - DEWEY DECIMAL CLASSIFICATION NUMBER
Classification number 306.071
Item number S74C
100 1# - MAIN ENTRY--PERSONAL NAME
Personal name Storey, John
245 1# - TITLE STATEMENT
Title Cultural theory and popular culture
Statement of responsibility, etc by John Storey
260 ## - PUBLICATION, DISTRIBUTION, ETC. (IMPRINT)
Place of publication, distribution, etc New Delhi
Name of publisher, distributor, etc Pearson
Date of publication, distribution, etc 2001
300 ## - PHYSICAL DESCRIPTION
Extent 237p.
690 ## - LOCAL SUBJECT ADDED ENTRY--TOPICAL TERM (OCLC, RLIN)
Topical term or geographic name as entry element Culture--Philosophy; Popular culture--Philosophy; Popular culture; Culture; Popular culture--Study and teaching; Culture--Study and teaching
942 ## - ADDED ENTRY ELEMENTS (KOHA)
Source of classification or shelving scheme Dewey Decimal Classification
Koha item type Books
Holdings
Withdrawn status Lost status Source of classification or shelving scheme Damaged status Not for loan Collection code Home library Current library Date acquired Source of acquisition Cost, normal purchase price Total Checkouts Full call number Barcode Date last seen Date checked out Price effective from Koha item type
    Dewey Decimal Classification     General Text Book Central University Of Rajasthan Central University Of Rajasthan 07/03/2012 ENG 1726.00 1 306.071 S74C 379 21/11/2024 08/09/2021 02/09/2020 Books